Сочинения / (Record no. 321020)
[ view plain ]
| 000 -LEADER | |
|---|---|
| fixed length control field | 00658nam a2200205 a 4500 |
| 001 - CONTROL NUMBER | |
| control field | 000956188 |
| 003 - CONTROL NUMBER IDENTIFIER | |
| control field | AM-YeHGA |
| 005 - DATE AND TIME OF LATEST TRANSACTION | |
| control field | 20250617145929.0 |
| 008 - FIXED-LENGTH DATA ELEMENTS--GENERAL INFORMATION | |
| fixed length control field | 130403s1892 ||| r 000 0 rus d |
| 040 ## - CATALOGING SOURCE | |
| Original cataloging agency | AM-YeHGA |
| 041 0# - LANGUAGE CODE | |
| Language code of text/sound track or separate title | rus |
| 090 ## - LOCALLY ASSIGNED LC-TYPE CALL NUMBER (OCLC); LOCAL CALL NUMBER (RLIN) | |
| -- | 322759 |
| 100 1# - MAIN ENTRY--PERSONAL NAME | |
| Personal name | Грановский, Тимофей Николаевич |
| 245 10 - TITLE STATEMENT | |
| Title | Сочинения / |
| Statement of responsibility, etc. | Т.Н. Грановскаго. |
| 250 ## - EDITION STATEMENT | |
| Edition statement | 3-е доп. изд. |
| 260 ## - PUBLICATION, DISTRIBUTION, ETC. | |
| Place of publication, distribution, etc. | Москва |
| Manufacturer | Тип. А.И. Мамонтова и К° |
| Date of publication, distribution, etc. | 1892. |
| 300 ## - PHYSICAL DESCRIPTION | |
| Extent | ч. |
| 505 1# - FORMATTED CONTENTS NOTE | |
| Miscellaneous information | Ч. 1 (445 c.: [1] л. портр.) |
| 653 0# - INDEX TERM--UNCONTROLLED | |
| Uncontrolled term | Русская историческая литература |
| Withdrawn status | Lost status | Source of classification or shelving scheme | Damaged status | Not for loan | Collection | Home library | Current library | Date acquired | Serial enumeration / chronology | Total checkouts | Full call number | Barcode | Date last seen | Price effective from | Koha item type | Public note |
|---|---|---|---|---|---|---|---|---|---|---|---|---|---|---|---|---|
| Universal Decimal Classification | General | Fundamental Scientific Library | Fundamental Scientific Library | 09/01/2017 | Ч. 1 | PII/489102 | FL0254445 | 09/01/2017 | 09/01/2017 | Գրքեր / Books | 30 Days Loan |
ՀՀ Գիտությունների ազգային ակադեմիայի հիմնարար գիտական գրադարան = Fundamental Scientific Library of NAS RA
All site content, except where otherwise noted, is licensed under a